In plain sight 2 map exits - Statistics

General Stats
  • This quiz has been taken 8 times
  • The average score is 23 of 32
Answer Stats
Map Exit % Correct
Farm Barn
100%
Complex Bedroom
100%
Mall Elevator
100%
Police station Garage
100%
Farm River
100%
Farm Shop
100%
Police station Window
100%
Restaurant Window
100%
Restaurant Break room
83%
Complex Closet
83%
Bank Conference
83%
Bank Front entrance
83%
Mall Front entrance
83%
Mansion Front entrance
83%
Museum Front entrance
83%
Police station Front entrance
83%
Mansion Back window
67%
Museum Back window
67%
Police station Helipad
67%
Museum Left exit
67%
Mall Left fire exit
67%
Museum Right exit
67%
Mall Right fire exit
67%
Bank Stairwell
67%
Farm Front gate
50%
Bank Offices
50%
Mansion Right window
50%
Restaurant Storage room
50%
Complex Jewellty
33%
Mansion Left wall
33%
Complex Parking lot
17%
Restaurant Reception
17%
No matching quizzes found
Score Distribution
Percent of People with Each Score
Percentile by Number Answered
Your Score History
You have not taken this quiz